1982 1679 1796 1803 1692 1178 1467 1860 1967 1367 1296 1705 1684 1356 1111 1430 1409 1218 1075 1161 1169 1419 1880 1663 1842 1405 1051 1474 1546 1026 1917 1751 1566 1531 1989 1407 1032 1796 1105 1759 1487 1085 1274 1273 1390 1478 1756 1633 1196 1963 1856 1343 1196 1801 1597 1248 1724 1622 1894 1819 1194 1590 1525 1272 1386 1907 1604 1130 1389 1101 1490 1069 1683 1211 1586 1860 1326 1732 1673 1573 1238 1301 1730 1643 1364 1105 1093 1067 1866 1353 1309 1233 1663 1487 1969 1395 1540 1049 1129 BCNSPRNW ULIB Ver.6.0+V

เปลี่ยนเป็นภาษาไทย

Change to English
 แสดงรายละเอียดบรรณานุกรม
  กลับหน้าหลัก

Brief Record : Get Marc (ISO 2709) : E-mail record : QR code < ปิดหน้าต่าง
LEADER : 00000nam 2200000uu 4500
001    13399115042
003     ULIB
008    120705s2536||||th 000 0 tha d
060 04 ^aW13^bว234พ 2536
100 0  ^aวิทย์ เที่ยงบูรณธรรม
245 10 ^aพจนานุกรมวิทยาศาสตร์การแพทย์ =^bDictionary of medical
246 31 ^aDictionary of medical science
260    ^aกรุงเทพฯ :^bรวมสาส์น,^c2536
300    ^a1215 หน้า :^bภาพประกอบ
500    ^aSend to Single Search
650  4 ^aแพทยศาสตร์^xพจนานุกรม
945    ^p0^l0^i339
999 ^a ใช้งานได้ทุกระบบ
รายการนี้ยังไม่มีแท็ก
คุณยังไม่ได้ล็อกอิน คุณสามารถมีกิจกรรมร่วมกับเว็บไซต์ได้ แต่ต้องล็อกอินก่อน ::
  ล็อกอิน

รายการสื่อสารสนเทศ

ลำดับที่ ประเภท เลขเรียก/บาร์โค้ด สถานที่ สถานะ
- ไม่พบข้อมูล -

รายการใกล้เคียง
    ผู้แต่ง [วิทย์ เที่ยงบูรณธรรม]

BibComment


ยังไม่เคยถูกคอมเมนท์

คอมเมนท์ทรัพยากรรายการนี้
  คอมเมนท์: พจนานุกรมวิทยาศา..


 Copyright 2026. Bcnsprnw @Library